[Event "SM-2012-0-00200"]
[Site "LSS email"]
[Date "2012.05.09"]
[Round "?"]
[White "Bormida, Adolfo A"]
[Black "Kashapov, Artur"]
[Result "1-0"]
[WhiteElo "2284"]
[BlackElo "2152"]
[PlyCount "51"]
[EventDate "2012.04.18"]
[EventType "tourn (corr)"]
[EventRounds "6"]
[EventCountry "GER"]
[SourceTitle "Telechess CBM 159"]
[Source "ChessBase"]
[SourceDate "2014.03.17"]
[SourceVersion "1"]
[SourceVersionDate "2014.03.17"]
[SourceQuality "1"]

1. e4 c5 2. Nc3 d6 3. f4 g6 4. Nf3 Bg7 5. Bc4 Nf6 6. 0-0 0-0 7. d3 Nc6 8. f5 gxf5 9. Qe1 fxe4 10. dxe4 Ng4 11. Bg5 Kh8 12. Qh4 f6 13. Bf4 Nd4 14. Rad1 Nxc2 15. h3 Nge3 16. Bd3 e5 17. Bxc2 exf4 18. Rxd6 Qe8 19. e5 Bf5 20. exf6 Qg6 21. fxg7+ Qxg7 22. Rf2 Bxc2 23. Re6 Nf5 24. Qg4 Bd3 25. Ne5 Qxg4 26. hxg4 1-0

[Event "SM-2012-0-00200"]
[Site "LSS email"]
[Date "2012.05.08"]
[Round "?"]
[White "Kashapov, Artur"]
[Black "Sanner, Zdzislaw"]
[Result "1/2-1/2"]
[WhiteElo "2152"]
[BlackElo "2197"]
[PlyCount "75"]
[EventDate "2012.04.18"]
[EventType "tourn (corr)"]
[EventRounds "6"]
[EventCountry "GER"]
[SourceTitle "Telechess CBM 159"]
[Source "ChessBase"]
[SourceDate "2014.03.17"]
[SourceVersion "1"]
[SourceVersionDate "2014.03.17"]
[SourceQuality "1"]

1. e4 c6 2. d4 d5 3. e5 Bf5 4. Nf3 e6 5. Be2 Nd7 6. 0-0 h6 7. a4 Ne7 8. a5 a6 9. c4 dxc4 10. Nbd2 Nd5 11. Nxc4 Be7 12. Bd3 Bxd3 13. Qxd3 0-0 14. Rd1 Qb8 15. Ne1 b5 16. axb6 N7xb6 17. b3 Nb4 18. Qg3 Kh8 19. Qh3 N6d5 20. Bxh6 gxh6 21. Qxh6+ Kg8 22. Nd3 Qd8 23. Nxb4 Nxb4 24. d5 Bg5 25. Qh5 Nxd5 26. Nd6 Ra7 27. h4 Bf4 28. Ra4 f6 29. Qg4+ Rg7 30. Qxe6+ Kh7 31. Qf5+ Kg8 32. Rxf4 Nxf4 33. Qxf4 fxe5 34. Qc4+ Kh7 35. Qc2+ Kg8 36. Nf5 Rd7 37. Re1 Qa5 38. Re3 1/2-1/2

[Event "SM-2012-0-00200"]
[Site "LSS email"]
[Date "2012.05.08"]
[Round "?"]
[White "Nemec, Zdenek"]
[Black "Kashapov, Artur"]
[Result "1/2-1/2"]
[WhiteElo "2224"]
[BlackElo "2152"]
[PlyCount "72"]
[EventDate "2012.04.18"]
[EventType "tourn (corr)"]
[EventRounds "6"]
[EventCountry "GER"]
[SourceTitle "Telechess CBM 159"]
[Source "ChessBase"]
[SourceDate "2014.03.17"]
[SourceVersion "1"]
[SourceVersionDate "2014.03.17"]
[SourceQuality "1"]

1. Nf3 c5 2. c4 Nf6 3. Nc3 Nc6 4. g3 e5 5. Bg2 Be7 6. 0-0 d6 7. d3 0-0 8. a3 h6 9. Ne1 Be6 10. Nd5 Qd7 11. Nc2 Rab8 12. b4 b5 13. Bd2 Rfc8 14. Rc1 Bd8 15. Nce3 Ng4 16. Nxg4 Bxg4 17. Ne3 Bh5 18. Re1 Nd4 19. h4 a6 20. Kh2 f5 21. Bc3 bxc4 22. dxc4 Bb6 23. Nd5 Ba7 24. f3 cxb4 25. Bxd4 Bxd4 26. axb4 Bf7 27. f4 Kh8 28. Qd2 Ba7 29. e4 Bxd5 30. cxd5 exf4 31. Qxf4 Bd4 32. Rxc8+ Rxc8 33. Qxf5 Qd8 34. Kh3 Rc3 35. Rf1 Rc4 36. Bf3 Rxb4 1/2-1/2

[Event "SM-2012-0-00199"]
[Site "LSS email"]
[Date "2012.05.03"]
[Round "?"]
[White "Kashapov, Artur"]
[Black "Lizorkina, Veronika"]
[Result "1/2-1/2"]
[WhiteElo "2152"]
[BlackElo "2092"]
[PlyCount "61"]
[EventDate "2012.04.02"]
[EventType "tourn (corr)"]
[EventRounds "6"]
[EventCountry "GER"]
[SourceTitle "Telechess CBM 165"]
[Source "ChessBase"]
[SourceDate "2015.03.11"]
[SourceVersion "1"]
[SourceVersionDate "2015.03.11"]
[SourceQuality "1"]

1. e4 c6 2. d4 d5 3. e5 Bf5 4. Nf3 e6 5. Be2 c5 6. Be3 cxd4 7. Nxd4 Ne7 8. c4 Nbc6 9. Qa4 a6 10. Na3 Qa5+ 11. Qxa5 Nxa5 12. 0-0 dxc4 13. Nxc4 Nxc4 14. Bxc4 Be4 15. Rac1 Bd5 16. Be2 Rc8 17. Rxc8+ Nxc8 18. Rc1 Ne7 19. f4 g5 20. fxg5 Bg7 21. Nf3 Bxa2 22. b4 0-0 23. Bc5 Re8 24. Bxe7 Rxe7 25. Rc8+ Bf8 26. h4 Rd7 27. Nh2 Kg7 28. Ng4 Rd4 29. h5 Be7 30. h6+ Kg6 31. Rg8+ 1/2-1/2

[Event "WC-2016-P-00011"]
[Site "LSS email"]
[Date "2012.02.12"]
[Round "?"]
[White "De Waele, Willy"]
[Black "Kashapov, Artur"]
[Result "1/2-1/2"]
[WhiteElo "1990"]
[BlackElo "2152"]
[PlyCount "46"]
[EventDate "2012.02.15"]
[EventType "tourn (corr)"]
[EventRounds "12"]
[EventCountry "GER"]
[SourceTitle "Telechess CBM 159"]
[Source "ChessBase"]
[SourceDate "2014.03.17"]
[SourceVersion "1"]
[SourceVersionDate "2014.03.17"]
[SourceQuality "1"]

1. e4 c5 2. Nf3 d6 3. d4 cxd4 4. Nxd4 Nf6 5. Nc3 a6 6. Be3 e5 7. Nb3 Be6 8. f3 Be7 9. Qd2 Nbd7 10. g4 h6 11. 0-0-0 b5 12. h4 Nb6 13. Qf2 Nfd7 14. Kb1 Nc4 15. Bxc4 bxc4 16. Nc1 Rb8 17. N1e2 0-0 18. g5 h5 19. Nd5 Bxd5 20. Rxd5 Nb6 21. Bxb6 Rxb6 22. Ng3 Qc7 23. Ka1 g6 1/2-1/2

[Event "WC-2016-P-00011"]
[Site "LSS email"]
[Date "2012.02.12"]
[Round "?"]
[White "Korchut, Adam"]
[Black "Kashapov, Artur"]
[Result "1-0"]
[WhiteElo "1837"]
[BlackElo "2152"]
[PlyCount "117"]
[EventDate "2012.02.15"]
[EventType "tourn (corr)"]
[EventRounds "12"]
[EventCountry "GER"]
[SourceTitle "Telechess CBM 159"]
[Source "ChessBase"]
[SourceDate "2014.03.17"]
[SourceVersion "1"]
[SourceVersionDate "2014.03.17"]
[SourceQuality "1"]

1. e4 c5 2. Nf3 d6 3. d4 cxd4 4. Nxd4 Nf6 5. Nc3 a6 6. Bg5 Nbd7 7. Bc4 h6 8. Be3 Qc7 9. Bb3 e6 10. 0-0 b5 11. f3 Bb7 12. a3 Nc5 13. Ba2 Be7 14. Qe1 0-0 15. Qg3 Nh5 16. Qh3 Nf6 17. Rad1 Rfe8 18. Rfe1 Rac8 19. Rd2 Ncd7 20. Qg3 Nh5 21. Qf2 Nhf6 22. Rdd1 Kh7 23. Qg3 Bf8 24. Nde2 Ne5 25. Nf4 Nc4 26. Bxc4 bxc4 27. Nfe2 Bc6 28. Nd4 Ba8 29. Re2 Rb8 30. Rb1 e5 31. Nf5 d5 32. exd5 Qc8 33. Nh4 Nxd5 34. Nxd5 Bxd5 35. Ba7 Rb7 36. Rxe5 Be6 37. Bd4 g5 38. Ra5 gxh4 39. Qe5 f6 40. Qxf6 Bg7 41. Qxh4 Bf5 42. Rc5 Qe6 43. Ra1 Bxc2 44. Bxg7 Rxg7 45. Qxc4 Qe3+ 46. Kh1 Qe1+ 47. Qf1 Qd2 48. Rc1 Bd3 49. Qg1 Re2 50. g3 Rf2 51. R5c3 Rd7 52. Rc7 Rxc7 53. Rxc7+ Kg8 54. Rc8+ Kf7 55. Rc7+ Ke6 56. Rc6+ Kd7 57. Rc5 Kd6 58. Rc8 Bb5 59. Rd8+ 1-0

[Event "SM-2011-0-00164"]
[Site "LSS email"]
[Date "2011.07.15"]
[Round "?"]
[White "Kashapov, Artur"]
[Black "Bandiera, Aurelio"]
[Result "1-0"]
[WhiteElo "2209"]
[BlackElo "2178"]
[PlyCount "87"]
[EventDate "2011.06.18"]
[EventType "tourn (corr)"]
[EventRounds "6"]
[EventCountry "GER"]
[SourceTitle "Corr 2015"]
[Source "ChessBase"]
[SourceDate "2015.07.17"]
[SourceVersion "1"]
[SourceVersionDate "2015.07.17"]
[SourceQuality "1"]

1. e4 c5 2. Nf3 e6 3. d4 cxd4 4. Nxd4 a6 5. Nc3 Qc7 6. Be2 b5 7. 0-0 Bb7 8. Re1 Nc6 9. Nxc6 dxc6 10. Bd3 c5 11. e5 Rd8 12. Qe2 Ne7 13. a4 b4 14. Ne4 Qc6 15. Bf4 Ng6 16. Bg3 Be7 17. f3 0-0 18. Nd6 Ba8 19. Rad1 c4 20. Nxc4 Qxa4 21. Ra1 Qd7 22. Rxa6 Bb7 23. Ra5 Qc7 24. Bf2 Nf4 25. Qe3 Nxd3 26. cxd3 Rd5 27. Rxd5 Bxd5 28. Ra1 Rc8 29. Nb6 Rd8 30. Nxd5 Rxd5 31. Qa7 Qxa7 32. Rxa7 Bf8 33. d4 Rd8 34. Rc7 g6 35. Be3 Kg7 36. Kf1 h6 37. h4 Rb8 38. Ke2 b3 39. Ra7 Bb4 40. Kd3 h5 41. g4 Kg8 42. gxh5 gxh5 43. Bg5 Be1 44. f4 1-0

[Event "SM-2011-0-00164"]
[Site "LSS email"]
[Date "2011.07.15"]
[Round "?"]
[White "Kashapov, Artur"]
[Black "Sander, Ingo"]
[Result "1/2-1/2"]
[WhiteElo "2209"]
[BlackElo "2247"]
[PlyCount "40"]
[EventDate "2011.06.18"]
[EventType "tourn (corr)"]
[EventRounds "6"]
[EventCountry "GER"]
[SourceTitle "Corr 2015"]
[Source "ChessBase"]
[SourceDate "2015.07.17"]
[SourceVersion "1"]
[SourceVersionDate "2015.07.17"]
[SourceQuality "1"]

1. e4 e5 2. Nf3 Nc6 3. Bb5 Nf6 4. 0-0 Nxe4 5. d4 Nd6 6. Bxc6 dxc6 7. dxe5 Nf5 8. Qxd8+ Kxd8 9. Rd1+ Ke8 10. Nc3 Ne7 11. h3 Ng6 12. b3 Be7 13. a4 a5 14. Bb2 h5 15. Ne2 h4 16. Ned4 Rh5 17. Re1 Nf8 18. Rad1 Bd7 19. e6 Bxe6 20. Ne2 Rd8 1/2-1/2

[Event "SM-2011-0-00160"]
[Site "LSS email"]
[Date "2011.06.15"]
[Round "?"]
[White "Daurelle, Herve"]
[Black "Kashapov, Artur"]
[Result "1/2-1/2"]
[WhiteElo "2276"]
[BlackElo "2209"]
[PlyCount "61"]
[EventDate "2011.05.13"]
[EventType "tourn (corr)"]
[EventRounds "6"]
[EventCountry "GER"]
[SourceTitle "Corr 2015"]
[Source "ChessBase"]
[SourceDate "2015.07.17"]
[SourceVersion "1"]
[SourceVersionDate "2015.07.17"]
[SourceQuality "1"]

1. e4 c5 2. Nf3 d6 3. d4 cxd4 4. Nxd4 Nf6 5. Nc3 a6 6. Be3 e6 7. f3 b5 8. Qd2 Nbd7 9. g4 b4 10. Nce2 h6 11. 0-0-0 Qc7 12. Qxb4 d5 13. Qc3 Qxc3 14. Nxc3 e5 15. Nc6 d4 16. Nxd4 exd4 17. Bxd4 Bc5 18. h3 Bxd4 19. Rxd4 Ke7 20. Rh2 Rd8 21. Rhd2 Bb7 22. Nd1 Ne8 23. Ne3 g6 24. Nc4 a5 25. Rxd7+ Rxd7 26. Rxd7+ Kxd7 27. Nb6+ Kd6 28. Nxa8 Bxa8 29. Kd2 g5 30. a3 Ng7 31. b3 1/2-1/2

[Event "SM-2011-0-00160"]
[Site "LSS email"]
[Date "2011.06.14"]
[Round "?"]
[White "Kashapov, Artur"]
[Black "Nguyen, Piotr"]
[Result "1/2-1/2"]
[WhiteElo "2209"]
[BlackElo "2310"]
[PlyCount "30"]
[EventDate "2011.05.13"]
[EventType "tourn (corr)"]
[EventRounds "6"]
[EventCountry "GER"]
[SourceTitle "Corr 2015"]
[Source "ChessBase"]
[SourceDate "2015.07.17"]
[SourceVersion "1"]
[SourceVersionDate "2015.07.17"]
[SourceQuality "1"]

1. e4 e6 2. d4 d5 3. Nc3 Bb4 4. exd5 exd5 5. Bd3 Nc6 6. Nf3 Nge7 7. 0-0 0-0 8. h3 Bf5 9. Ne2 Qd7 10. Bxf5 Nxf5 11. Nf4 Nfe7 12. Qd3 Rae8 13. c3 Bd6 14. b3 Nd8 15. Bd2 Ne6 1/2-1/2

[Event "SA-2011-0-00190"]
[Site "LSS email"]
[Date "2011.04.25"]
[Round "?"]
[White "Kashapov, Artur"]
[Black "Simon, Holger"]
[Result "1/2-1/2"]
[WhiteElo "2200"]
[BlackElo "2064"]
[PlyCount "28"]
[EventDate "2011.03.26"]
[EventType "tourn (corr)"]
[EventRounds "6"]
[EventCountry "GER"]
[SourceTitle "Corr 2015"]
[Source "ChessBase"]
[SourceDate "2015.07.17"]
[SourceVersion "1"]
[SourceVersionDate "2015.07.17"]
[SourceQuality "1"]

1. e4 e6 2. d4 d5 3. Nc3 Nf6 4. e5 Nfd7 5. f4 c5 6. Nf3 Nc6 7. Be3 a6 8. Qd2 b5 9. Be2 Bb7 10. Nd1 cxd4 11. Nxd4 Bc5 12. c3 0-0 13. Nf2 Rc8 14. 0-0 Qe7 1/2-1/2

[Event "SA-2011-0-00188"]
[Site "LSS email"]
[Date "2011.04.11"]
[Round "?"]
[White "Cardoso Garcia, Sergio"]
[Black "Kashapov, Artur"]
[Result "1/2-1/2"]
[WhiteElo "2005"]
[BlackElo "2199"]
[PlyCount "56"]
[EventDate "2011.03.18"]
[EventType "tourn (corr)"]
[EventRounds "6"]
[EventCountry "GER"]
[SourceTitle "Telechess CBM 157"]
[Source "ChessBase"]
[SourceDate "2013.11.12"]
[SourceVersion "1"]
[SourceVersionDate "2013.11.12"]
[SourceQuality "1"]

1. c4 e5 2. Nf3 e4 3. Nd4 Nc6 4. e3 Nf6 5. d3 Nxd4 6. exd4 Bb4+ 7. Bd2 Bxd2+ 8. Qxd2 d5 9. Nc3 0-0 10. dxe4 Nxe4 11. Nxe4 dxe4 12. Be2 f5 13. Qe3 Qf6 14. 0-0 b6 15. Rad1 Bb7 16. Qf4 Rf7 17. b4 a5 18. b5 Rd8 19. h3 Re7 20. Rfe1 g6 21. d5 Qd6 22. Qd2 Rde8 23. Qd4 Kf7 24. g3 e3 25. Bd3 Qe5 26. Qf4 Qxf4 27. gxf4 exf2+ 28. Kxf2 Rxe1 1/2-1/2

[Event "LSS RA-2010-0-00119"]
[Site "LSS email"]
[Date "2011.01.24"]
[Round "?"]
[White "Le Duigou, Jean Guy"]
[Black "Kashapov, Artur"]
[Result "1/2-1/2"]
[WhiteElo "1933"]
[BlackElo "2097"]
[PlyCount "50"]
[EventDate "2010.12.28"]
[EventType "tourn (corr)"]
[EventRounds "6"]
[EventCountry "GER"]
[SourceTitle "Telechess CBM 145"]
[Source "Chessbase"]
[SourceDate "2011.11.11"]
[SourceVersion "1"]
[SourceVersionDate "2011.11.11"]
[SourceQuality "1"]

1. d4 d5 2. c4 e6 3. Nc3 Nf6 4. Bg5 Be7 5. e3 0-0 6. Nf3 h6 7. Bh4 b6 8. Be2 Bb7 9. Rc1 dxc4 10. Bxc4 Nd5 11. Bxe7 Qxe7 12. 0-0 Nxc3 13. Rxc3 Rc8 14. Qe2 c5 15. Rfc1 a6 16. dxc5 Rxc5 17. a3 b5 18. Ba2 Rxc3 19. Rxc3 Nd7 20. Rc7 Rb8 21. Ne5 Qd6 22. Rxd7 Qxe5 23. f3 Bc6 24. Rd4 Rc8 25. Qd2 Qg5 1/2-1/2

[Event "LSS SA-2010-0-00166"]
[Site "LSS email"]
[Date "2010.11.24"]
[Round "?"]
[White "Korchut, Adam"]
[Black "Kashapov, Artur"]
[Result "1/2-1/2"]
[WhiteElo "1979"]
[BlackElo "2083"]
[PlyCount "113"]
[EventDate "2010.10.30"]
[EventType "tourn (corr)"]
[EventRounds "6"]
[EventCountry "GER"]
[SourceTitle "Telechess CBM 147"]
[Source "ChessBase"]
[SourceDate "2012.03.16"]
[SourceVersion "1"]
[SourceVersionDate "2012.03.16"]
[SourceQuality "1"]

1. d4 Nf6 2. c4 e6 3. Nf3 d5 4. Nc3 Be7 5. cxd5 exd5 6. g3 0-0 7. Bg2 c6 8. 0-0 Be6 9. Qd3 Re8 10. Ng5 Bc8 11. Bf4 Nbd7 12. Nf3 Nf8 13. Rac1 Ng6 14. Bd2 h6 15. Ne1 a5 16. Nc2 b5 17. Rfe1 Nf8 18. Ne3 Ne6 19. Nf5 Ba6 20. Qc2 Bf8 21. Rcd1 b4 22. Na4 Bb5 23. b3 Rc8 24. Bc1 Bxa4 25. bxa4 Qd7 26. Qb1 h5 27. Ne3 Ng5 28. Nxd5 Nxd5 29. Bxg5 Nc3 30. Qc2 Nxd1 31. Rxd1 c5 32. dxc5 Rxc5 33. Rxd7 Rxc2 34. Bd5 Rexe2 35. Rxf7 Bc5 36. Bb3 Kh7 37. Bxc2+ Rxc2 38. Bd8 Rxa2 39. Rb7 Rxa4 40. Rb5 Ra1+ 41. Kg2 a4 42. Rxc5 a3 43. Rxh5+ Kg6 44. Rg5+ Kh6 45. Rb5 a2 46. Rxb4 Rg1+ 47. Kxg1 a1Q+ 48. Kg2 Qa8+ 49. f3 Qxd8 50. Rh4+ Kg6 51. Rg4+ Kh7 52. Rh4+ Kg8 53. Re4 Qd2+ 54. Kg1 Qc1+ 55. Kg2 Qd2+ 56. Kg1 Qc3 57. Kg2 1/2-1/2

[Event "CP-2010-P-00043"]
[Site "LSS email"]
[Date "2010.09.28"]
[Round "?"]
[White "Kashapov, Artur"]
[Black "Borgen, Rune"]
[Result "1-0"]
[WhiteElo "2083"]
[BlackElo "701"]
[PlyCount "25"]
[EventDate "2010.10.01"]
[EventType "tourn (corr)"]
[EventRounds "6"]
[EventCountry "GER"]
[SourceTitle "Corr 2015"]
[Source "ChessBase"]
[SourceDate "2015.07.17"]
[SourceVersion "1"]
[SourceVersionDate "2015.07.17"]
[SourceQuality "1"]

1. e4 e5 2. Nf3 Nc6 3. Bb5 Qf6 4. Nc3 Bc5 5. Nd5 Qd6 6. c3 Nf6 7. d4 exd4 8. Bf4 Qf8 9. Nxc7+ Kd8 10. Nxa8 Nxe4 11. Qa4 Qe8 12. 0-0-0 Nxf2 13. Bc7+ 1-0

[Event "CP-2010-P-00043"]
[Site "LSS email"]
[Date "2010.09.28"]
[Round "?"]
[White "Kashapov, Artur"]
[Black "Moreira, Carlos Alberto Lima"]
[Result "1-0"]
[WhiteElo "2110"]
[BlackElo "1581"]
[PlyCount "57"]
[EventDate "2010.10.01"]
[EventType "tourn (corr)"]
[EventRounds "6"]
[EventCountry "GER"]
[SourceTitle "Telechess CBM 143"]
[Source "ChessBase"]
[SourceDate "2011.07.15"]
[SourceVersion "1"]
[SourceVersionDate "2011.07.15"]
[SourceQuality "1"]

1. e4 e5 2. Nf3 Nf6 3. Nxe5 d6 4. Nf3 Nxe4 5. d4 d5 6. Bd3 Nc6 7. 0-0 Be7 8. c4 Nb4 9. Re1 Nxd3 10. Qxd3 Bf5 11. Nc3 dxc4 12. Qxc4 Nxc3 13. bxc3 0-0 14. Qb5 Bc8 15. Bf4 c6 16. Qb3 Re8 17. Re3 Qb6 18. Qc2 Be6 19. Rb1 Qa6 20. Rbe1 Rac8 21. h4 Qa5 22. Re5 Qd8 23. Bg5 Rc7 24. h5 Bd5 25. Bf4 Bxf3 26. gxf3 h6 27. Qe4 Rd7 28. Bc1 f6 29. Re6 1-0

[Event "OP-2010-0-01261"]
[Site "LSS email"]
[Date "2010.09.12"]
[Round "?"]
[White "Kashapov, Artur"]
[Black "Valverde Lopez, Mario"]
[Result "1/2-1/2"]
[WhiteElo "2110"]
[BlackElo "1767"]
[PlyCount "57"]
[EventDate "2010.09.08"]
[EventType "tourn (corr)"]
[EventRounds "4"]
[EventCountry "GER"]
[SourceTitle "Telechess CBM 143"]
[Source "ChessBase"]
[SourceDate "2011.07.15"]
[SourceVersion "1"]
[SourceVersionDate "2011.07.15"]
[SourceQuality "1"]

1. e4 e5 2. Nf3 Nc6 3. Bb5 a6 4. Ba4 Nf6 5. 0-0 Be7 6. Bxc6 dxc6 7. d3 Nd7 8. Be3 0-0 9. a4 f6 10. Nbd2 Nc5 11. d4 exd4 12. Nxd4 f5 13. exf5 Bxf5 14. Nxf5 Rxf5 15. Re1 Qd5 16. Qe2 Raf8 17. b3 Bd6 18. Nc4 Re8 19. Rad1 Qe6 20. Qf1 Ne4 21. Nxd6 cxd6 22. f3 Qg6 23. Bc1 Re6 24. Bb2 d5 25. Qd3 Ng5 26. Kh1 Qf7 27. Rxe6 Nxe6 28. Re1 Rg5 29. g3 1/2-1/2